Guidance Note on the Assessment of Reserve Adequacy and Related Considerations.

operational guidance to staff on reserve adequacy discussions in the IMF's bilateral and multilateral surveillance. It is based on the views presented in the policy paper Assessing Reserve Adequacy-Specific Proposals and the related Board discussion. The note addresses key issues related to Sta...

Descrizione completa

Dettagli Bibliografici
Ente Autore: International Monetary Fund
Natura: Periodico
Lingua:English
Pubblicazione: Washington, D.C. : International Monetary Fund, 2016.
Serie:Policy Papers; Policy Paper ; No. 2016/018
Accesso online:Full text available on IMF
LEADER 02459cas a2200241 a 4500
001 AALejournalIMF020639
008 230101c9999 xx r poo 0 0eng d
020 |c 5.00 USD 
020 |z 9781498345644 
022 |a 2663-3493 
040 |a BD-DhAAL  |c BD-DhAAL 
110 2 |a International Monetary Fund. 
245 1 0 |a Guidance Note on the Assessment of Reserve Adequacy and Related Considerations. 
264 1 |a Washington, D.C. :  |b International Monetary Fund,  |c 2016. 
300 |a 1 online resource (41 pages) 
490 1 |a Policy Papers 
500 |a <strong>Off-Campus Access:</strong> No User ID or Password Required 
500 |a <strong>On-Campus Access:</strong> No User ID or Password Required 
506 |a Electronic access restricted to authorized BRAC University faculty, staff and students 
520 3 |a operational guidance to staff on reserve adequacy discussions in the IMF's bilateral and multilateral surveillance. It is based on the views presented in the policy paper Assessing Reserve Adequacy-Specific Proposals and the related Board discussion. The note addresses key issues related to Staff's advice on the assessment of the adequacy of reserves and related items, including answering the following questions: What is the expected coverage of reserve issues at different stages of the bilateral surveillance process (Policy Note, mission, and Staff Report)? Which reserve adequacy tools best fit different economies based on their financial maturity, economic flexibility, and market access? What do possible reserve needs in mature markets relate to, and how can their adequacy be assessed? How can reserve adequacy discussions for emerging and deepening financial markets be tailored and applied to better evaluate reserve levels in: (i) commodity-intensive economies; (ii) countries with capital flow management measures (CFMs); and (iii) partially and fully dollarized economies? What reserve adequacy considerations hold for countries with limited access to capital markets? How can metrics for these economies be tailored to evaluate their reserve needs? How should potential drains on reserves be covered? What are the various measures of the cost of reserves for countries with and without market access? 
538 |a Mode of access: Internet 
830 0 |a Policy Papers; Policy Paper ;  |v No. 2016/018 
856 4 0 |z Full text available on IMF  |u http://elibrary.imf.org/view/journals/007/2016/018/007.2016.issue-018-en.xml  |z IMF e-Library